000 00654nam a2200229Ia 4500
003 OSt
005 20220918204236.0
006 a|||||r|||| 00| 0
007 ta
008 220917b |||||||| |||| 00| 0 eng d
024 _a111,706
037 _cTextual
040 _aARTS
_cARTS
_beng
041 _2eng
_aeng
082 _aV53:1:N3, K22
100 _aWandycz P S
_9111262
245 0 _aFrance and her Eastren allies 1919 1925
_b French Czechoslevak Polish relations from the Paris Peace conference to Lecarn
260 _c1962
650 _aHISTORY
942 _hV53:1:N3, K22
_cTEXL
_2CC
999 _c235055
_d235055